000 00507nam a22001577a 4500
003 OSt
005 20151001103310.0
008 151001b xxu||||| |||| 00| 0 eng d
040 _cRUA
082 _aAGR CHI 2005 B062 Or.1
100 _91662
_aCHI, DIMANCHE.
245 _aEffet des plantes a` odeur forte sur les insectes nuisivles du chou chinois a` la station expe`rimentale de la faculte` des sciences en Agrononie.
260 _aphnom phen
_bRUA
_c2005
300 _a35p.
_bill.
_c29cm.
942 _2ddc
_cAGR
999 _c1568
_d1568